Try-out of integration of population education in B.Ed., curriculum : An experiment (Record no. 22414)

MARC details
000 -LEADER
fixed length control field 00543nam a2200169Ia 4500
082 ## - DEWEY DECIMAL CLASSIFICATION NUMBER
Classification number TL.0060
100 ## - MAIN ENTRY--AUTHOR NAME
Personal name Lakshmi Sree, E.
245 #0 - TITLE STATEMENT
Title Try-out of integration of population education in B.Ed., curriculum : An experiment
260 ## - PUBLICATION, DISTRIBUTION, ETC. (IMPRINT)
Year of publication 1995
Name of publisher Sri Padmavathi Mahila University
300 ## - PHYSICAL DESCRIPTION
Number of Pages 2V. v.p. + C D - 40
650 ## - SUBJECT ADDED ENTRY--TOPICAL TERM
Topical Term BACHELOR OF EDUCATION - CURRICULA
650 ## - SUBJECT ADDED ENTRY--TOPICAL TERM
Topical Term POPULATION - STUDY AND TEACHING
650 ## - SUBJECT ADDED ENTRY--TOPICAL TERM
Topical Term EDUCATION - GRADUATE WORK
650 ## - SUBJECT ADDED ENTRY--TOPICAL TERM
Topical Term B.ED.//BACHELOR OF EDUCATION
710 ## - ADDED ENTRY--CORPORATE NAME
Corporate name or jurisdiction name as entry element Satyavati, A.
942 ## - ADDED ENTRY ELEMENTS (KOHA)
Koha item type Thesis
Source of classification or shelving scheme Dewey Decimal Classification
Holdings
Withdrawn status Lost status Damaged status Not for loan Home library Current library Date acquired Bill Date Full call number Accession Number Price effective from Koha item type
        NASSDOC Library NASSDOC Library 08/10/2004 2008-12-30 TL.0060 35437 18/04/2019 Thesis
        NASSDOC Library NASSDOC Library 08/10/2004 2008-12-30 TL.0060 35438 18/04/2019 Thesis